The noble scholar, jurist, historian


 His Excellency Dr. Abdul Wahhab bin Ibrahim Abu Sulaiman, may Allah have mercy on him.


 He was born in Umm Al-Qura in the year 1356 AH.

ضوء الشمعة في فضل الصلاة على النبي صلى الله عليه وسلم يوم الجمعة / (Record no. 11041)

MARC details
000 -LEADER
fixed length control field 02485cam a22003371i 4500
003 - CONTROL NUMBER IDENTIFIER
control field SA-RiAUC
005 - DATE AND TIME OF LATEST TRANSACTION
control field 20250824032236.0
008 - FIXED-LENGTH DATA ELEMENTS--GENERAL INFORMATION
fixed length control field 250815s2008 ua g 00010dara c
020 ## - INTERNATIONAL STANDARD BOOK NUMBER
International Standard Book Number 9771023543
040 ## - CATALOGING SOURCE
Original cataloging agency SA-JeALM
Language of cataloging ara
Transcribing agency SA-RiAUC
Modifying agency KAC
Description conventions rda
082 04 - DEWEY DECIMAL CLASSIFICATION NUMBER
Classification number 237.3
Assigning agency SA-RiAUC
090 ## - LOCALLY ASSIGNED LC-TYPE CALL NUMBER (OCLC); LOCAL CALL NUMBER (RLIN)
Classification number (OCLC) (R) ; Classification number, CALL (RLIN) (NR) 237.3
Local cutter number (OCLC) ; Book number/undivided call number, CALL (RLIN) س ل ي
100 1# - MAIN ENTRY--PERSONAL NAME
Personal name السليماني، عبد العزيز عبد الله عرفة
Relator term مؤلف.
245 10 - TITLE STATEMENT
Title ضوء الشمعة في فضل الصلاة على النبي صلى الله عليه وسلم يوم الجمعة /
Statement of responsibility, etc. أبو عمر عبد العزيز بن عرفة السليماني ؛ تقديم محمد علي بن منصور أشموني.
250 ## - EDITION STATEMENT
Edition statement الطبعة الأولى.
264 #1 - PRODUCTION, PUBLICATION, DISTRIBUTION, MANUFACTURE, AND COPYRIGHT NOTICE
Place of production, publication, distribution, manufacture القاهرة :
Name of producer, publisher, distributor, manufacturer دار الفكر العربي،
Date of production, publication, distribution, manufacture, or copyright notice 2008
300 ## - PHYSICAL DESCRIPTION
Extent 92 صفحة ؛
Dimensions 22 سم.
336 ## - CONTENT TYPE
Content type term نص
Content type code txt
Source rdacontent
Materials specified كتاب
337 ## - MEDIA TYPE
Media type term بدون وسيط
Media type code n
Source rdamedia
338 ## - CARRIER TYPE
Carrier type term مجلد
Carrier type code nc
Source rdacarrier
490 1# - SERIES STATEMENT
Series statement المكتبة المكية
500 ## - GENERAL NOTE
General note إهداء من المؤلف محمد علي بن منصور أشموني بتاريخ 1430/2/12 هـ
520 ## - SUMMARY, ETC.
Summary, etc. يتناول الكتاب فضل الصلاة على الرسول صلى الله عليه وآله وسلم التي تعد من أكثر العبادات قربا، وأعظمها طاعة، فمن اتبعها حظي بالسعادة في هذه الحياة، وغفر له خطاياه في الآخرة، كما أنها محطمة للشدائد، ومغطسة للأمنيات، ومدافعة عن الإذى، وباب لرضا الله، وثواب كبير ومحبة منه لعباده؛ فالنبي صلى الله عليه وآله وسلم أصل كل خير في الدنيا والآخرة، وهو وسيط الخلائق في الآخرة، والدعاء على جنابه الكريم يعد وسيط الطلب في الدنيا ؛ لذلك جاء الأمر الشرعي بالدعاء على النبي صلى الله عليه وآله وسلم بنص الكتاب والسنة.
600 07 - SUBJECT ADDED ENTRY--PERSONAL NAME
Personal name محمد (صلى الله عليه وسلم)،
Dates associated with a name 53 قبل الهجرة-11 هجري
Source of heading or term aucnm
650 #7 - SUBJECT ADDED ENTRY--TOPICAL TERM
Topical term or geographic name entry element الصلاة على النبي (صلى الله عليه وسلم)
Source of heading or term aucsh
650 #7 - SUBJECT ADDED ENTRY--TOPICAL TERM
Topical term or geographic name entry element يوم الجمعة
General subdivision فضائل
Source of heading or term aucsh
700 1# - ADDED ENTRY--PERSONAL NAME
Personal name أشموني، محمد علي بن منصور
Relator term مقدم.
830 #2 - SERIES ADDED ENTRY--UNIFORM TITLE
Uniform title المكتبة المكية
942 ## - ADDED ENTRY ELEMENTS (KOHA)
Source of classification or shelving scheme Dewey Decimal Classification
Koha item type Books
Suppress in OPAC No
949 ## - LOCAL PROCESSING INFORMATION (OCLC)
a SA-JeALM
d 250815
u mohamedma123
n 1
Holdings
Withdrawn status Lost status Source of classification or shelving scheme Damaged status Not for loan Collection Home library Current library Date acquired Total checkouts Full call number Barcode Date last seen Price effective from Koha item type
    Dewey Decimal Classification     اهداء DR AbdElwahab Library DR AbdElwahab Library 08/24/2025   237.3 س ل ي 000017905 08/24/2025 08/24/2025 Books